000 00532nam a2200181 a 4500
005 20140412111315.0
008 010321s19uu xx 00 eng d
020 _a0-307-17732-7
050 _aER
_bPu96 1989
100 _aHelfand, Karen
245 _aPuppies on paradise /
_cby Karen Helfand; illustrated by Mary Grace Eubank.
260 _aNew York :
_bMerrigold Press,
_c1989.
300 _a1 v. (unp.) ; ill.
440 _aTell-A-Tale Book
650 _aPuppies - Stories
650 _aChildren's stories
999 _c104196
_d104196